000 00655nam a22001937a 4500
005 20250514153242.0
010 _aENG-144922
020 _c1250.00
_a9788170007135
035 _aEN-128454
037 _bDBAD
082 _a027.7
100 _aKaushik, Anna
_981190
245 _aIntroduction to Research Methodology in Education
_cBy Divya Sharma And ROli Tiwari
260 _aDarya Ganj
_bEss Ess Publications
_c2014
270 _aOpp. New Panchajanya Vidya Mandir, Near Tiranga Chowk, Kushalpur,Raipur
_bNew Delhi
_e110002
_k2360807,41563444
_l41563334
300 _axv 387p
_c23(hb)
760 _b1
942 _2ddc
_cEN
_h027.7
_mKAU
999 _c211281
_d211281